|
|
|
|
| LEADER |
00000nab a2200000 a 4500 |
| 001 |
vtls009942977 |
| 003 |
SK-MaSNL |
| 005 |
20260305005756.0 |
| 008 |
250506 1958 xo | |||| ||00 b slo |
| 015 |
|
|
|a SNBRB2009/08
|2 snkbucl
|
| 035 |
|
|
|a urn:nbn:sk:snk-ab7qj4
|
| 035 |
|
|
|a (urnnbn)urn:nbn:sk:snk:ar-001von
|
| 035 |
|
|
|a (uuid)b3579efb-e598-4e5a-b7fa-9d35ed628611
|
| 038 |
|
|
|a SNKBUCL
|
| 040 |
|
|
|a SNKBUCL
|b slo
|c SNKBUCL
|e AACR2
|
| 041 |
0 |
|
|a slo
|
| 044 |
|
|
|a xo
|c SK
|
| 080 |
|
|
|a 78.082.4
|2 2001
|
| 245 |
0 |
0 |
|a Koncert žiakov Štátneho konzervatória
|
| 610 |
2 |
7 |
|a Konzervatórium (Bratislava, Slovensko)
|2 snkbucl
|9 35086
|
| 648 |
|
7 |
|a 1958
|2 snkbucl
|9 280710
|
| 650 |
0 |
7 |
|a koncerty
|2 snkbucl
|9 19182
|
| 773 |
0 |
|
|t Slovenská hudba
|g Roč. II, č. 3 (1958), s. 129
|
| 850 |
|
|
|a Slovenská národná knižnica
|
| 852 |
|
|
|a Slovenská národná knižnica
|
| 954 |
|
|
|a odborná, vedecká literatúra pôvodná (slovenská)
|2 lita
|
| 958 |
|
|
|a article9
|
| 958 |
|
|
|a OND
|
| 958 |
|
|
|a EUIPO
|
| 999 |
|
|
|c 3242521
|d 3244451
|